यशस्वी जीवनाची रहस्य / (Record no. 54257)

MARC details
000 -LEADER
fixed length control field 01183nam a22002537a 4500
005 - DATE AND TIME OF LATEST TRANSACTION
control field 20110722153014.0
008 - FIXED-LENGTH DATA ELEMENTS--GENERAL INFORMATION
fixed length control field 110722t xxu||||| |||| 00| 0 mar d
010 ## - LCCN (DPL NO)
LC control number MAR-21120
020 ## - INTERNATIONAL STANDARD BOOK NUMBER
Terms of availability 120.00
035 ## - SYSTEM CONTROL NUMBER
System control number MR-13778
037 ## - SOURCE OF ACQUISITION
Source of stock number/acquisition DBAD/PUB
040 ## - CATALOGING SOURCE
Original cataloging agency DPL
Language of cataloging MR
082 ## - DEWEY DECIMAL CLASSIFICATION NUMBER
Classification number 158.1
100 ## - MAIN ENTRY--PERSONAL NAME
Personal name परूळेकर,सुरेश
9 (RLIN) 29957
245 ## - TITLE STATEMENT
Title यशस्वी जीवनाची रहस्य /
Statement of responsibility, etc सुरेश परूळेकर
246 ## - VARYING FORM OF TITLE
Title proper/short title Yashasavi Jeevanache Rahasaya
Remainder of title by Suresh Parulekar
260 ## - PUBLICATION, DISTRIBUTION, ETC. (IMPRINT)
Place of publication, distribution, etc पुणे
Name of publisher, distributor, etc उन्मेष प्रकाशन
Date of publication, distribution, etc 2011
270 ## - ADDRESS
Address चंद्रनील अपार्टमेंटस्,सी विंग,सिंहगड रस्ता,
City पुणे
Postal code 411030
300 ## - PHYSICAL DESCRIPTION
Extent 140पृ
Dimensions 21सेमी(अजिल्द)
650 ## - SUBJECT ADDED ENTRY--TOPICAL TERM
Topical term or geographic name as entry element व्यक्तिमत्व विकास
9 (RLIN) 29958
650 ## - SUBJECT ADDED ENTRY--TOPICAL TERM
Topical term or geographic name as entry element Personality Development
9 (RLIN) 29959
942 ## - ADDED ENTRY ELEMENTS (KOHA)
Source of classification or shelving scheme Dewey Decimal Classification
Item type Marathi Books
Classification part 158.1
Call number suffix परूळे
Holdings
Withdrawn status Lost status Source of classification or shelving scheme Damaged status Not for loan Collection code Home library Current library Date acquired Source of acquisition Cost, normal purchase price Total Checkouts Full call number Barcode Date last seen Copy number Cost, replacement price Koha item type
    Dewey Decimal Classification   Not For Loan Non-fiction D.B.Act.Division D.B.Act.Division 22/07/2011 DBAD / PUB 120.00   158.1 परूळे MR-13778 22/07/2011 1 120.00 Marathi Books

© Delhi Public Library
Hit Counter
free hit counter